000 00519nam a2200205Ia 4500
001 38515
005 20240114002013.0
007 ta
008 070721s g b000 u 465 u
040 _aCottonCollege,Assam
041 _a465
082 _a550
_bPa 192 Pr
100 _apandey, S.N .
245 0 _aPrinciples of Application of Photogeology /
_cS.N.Pandey.
_hTextual Documents
260 _aSl :
_bSn ,
_c1985.
653 _aGeology
942 _2ddc
_cBK
999 _c38487
_d38487